000
00322 a2200145 4500
001
48631
040
_c
Anchieta - Bela Vista
100
_a
Barbosa, Rogério Andrade
240
1
0
_a
Em Angola tem?
_l
por
245
1
0
_a
Em Angola tem?
300
_a
44
362
0
_a
2010
650
4
_a
Literatura infanto-juvenil
942
_c
BK
999
_c
48631
_d
48631